Lotus 1-2-3 with Version 2.0 for the IBM PC

Gespeichert in:
Bibliographische Detailangaben
1. Verfasser: Ingalsbe, Lon
Format: Buch
Sprache:Englisch
Veröffentlicht: Columbus Merrill Publ. Co. 1987
Ausgabe:1. ed.
Schlagworte:
Tags: Tag hinzufügen
Keine Tags, Fügen Sie das erste Tag hinzu!

MARC

LEADER 00000nam a2200000 4500
001 c002078
005 20221219121123.1
041 0 |a eng 
044 |a US 
245 1 0 |a Lotus 1-2-3 with Version 2.0 for the IBM PC  |c Lon Ingalsbe 
250 |a 1. ed. 
264 1 |a Columbus  |b Merrill Publ. Co.  |c 1987 
300 |a 152 s. 
610 2 0 |a mikropočítače 
610 2 0 |a softvér 
610 2 0 |a hardvér 
610 2 0 |a systémy operačné 
610 2 0 |a programovanie 
610 2 0 |a grafika počítačová 
100 1 |a Ingalsbe, Lon